[Event "Rostov on Don"]
[Site "Rostov on Don"]
[Date "1993.??.??"]
[Round "?"]
[White "Dolmatov, Sergey"]
[Black "Razuvaev, Yuri S"]
[Result "0-1"]
[WhiteElo "2615"]
[BlackElo "2525"]
[Annotator "Boensch,U"]
[PlyCount "156"]
[EventDate "1993.05.??"]
[EventType "tourn"]
[EventRounds "11"]
[EventCountry "RUS"]
[EventCategory "14"]
[SourceTitle "CBM 036"]
[Source "ChessBase"]
[SourceDate "1993.10.01"]
[SourceVersion "1"]
[SourceVersionDate "1993.10.01"]
[SourceQuality "1"]

1. e4 c5 2. Nf3 d6 3. d4 cxd4 4. Nxd4 Nf6 5. Nc3 e6 6. Be2 Be7 7. O-O O-O 8. f4
Nc6 9. Be3 Bd7 10. Nb3 a6 11. a4 Na5 12. e5 (12. Nxa5 Qxa5 13. Qe1 (13. Qd2 Qc7
14. a5 Rac8 15. Bb6 Qb8 16. Rad1 Bc6 17. Bf3 Nd7 18. Be3 Qc7 $10 {Pfrommer,
C-Espig,L Badenweiler op (06) 1990 0-1 40}) 13... Kh8 (13... Rfe8 14. Bf3 Bc6
15. Kh1 Bd8 16. Bd2 Qc7 17. Qg3 Nd7 18. Rae1 Bf6 19. Bh5 Rf8 20. Qh3 Rae8 $10 {
Arnason,J-Ivanov,IV Thessaloniki olm (2) 1988 1/2 23}) 14. Kh1 Rac8 15. Bd3 e5
16. Bd2 Qc7 17. a5 Bc6 18. Qg3 Nh5 19. Qh3 Nxf4 20. Bxf4 exf4 21. Rxf4 Bg5 $10
{Barua,D-Mascarinas,R Cebu (04) 1992 1/2 62}) 12... Ne8 13. Nxa5 Qxa5 14. Ne4 (
14. Qd2 Rc8 15. Bf3 Qc7 16. a5 Bc6 17. Bb6 Qb8 18. Rae1 Bd8 19. Kh1 Bxf3 20.
Rxf3 Rc6 21. Na4 Bxb6 22. Nxb6 Qc7 $14 {Geller,J-Espig,L Dortmund-B (5) 1991 1/
2 82}) 14... Qc7 15. a5 (15. Bd4 Bc6 16. Bd3 Bxe4 $1 17. Bxe4 dxe5 18. Bxe5 Bd6
19. Qe2 g6 20. Bf3 Bxe5 21. fxe5 Ng7 $10 {Sinowjew,J-Boensch,U Dortmund op-A 
(08) 1992 0-1 33}) 15... d5 (15... Bc6 16. Bb6 Qb8 17. Qd4 $14) 16. Nd2 g6 17.
Nb3 Ng7 18. Bb6 Qc8 19. Rf3 f6 $1 $132 20. exf6 Bxf6 21. Nd4 (21. Bd4 $5) 21...
Qe8 22. Qd2 e5 23. fxe5 Qxe5 24. Bd3 Bg4 25. Re3 Qd6 26. Ree1 Be5 27. g3 Bh3
28. Bf1 Bxf1 29. Rxf1 Nh5 30. Qd3 Nf6 31. Nb3 Ne4 32. c3 Qe6 33. Rfd1 $2 (33.
Rxf8+ Rxf8 34. Rf1 $10) 33... Ng5 $1 34. Qxd5 $2 (34. Rf1 $15) 34... Bd4+ $3
$17 35. Rxd4 $8 Nf3+ 36. Kg2 Nxd4 37. Qxe6+ (37. Qxd4 Qxb3 $19) 37... Nxe6 $17
38. Rd1 Rae8 39. h4 h5 40. Rd2 Rf7 41. Nd4 Rd7 42. Rf2 Rde7 43. Ne2 Rf7 44. Nf4
Nxf4+ 45. gxf4 Re4 46. Kg3 Rd7 47. Bd4 Rd5 48. b4 Kf7 49. Kf3 Re1 50. Rg2 Rf5
51. Rd2 Rd5 52. Rg2 Rh1 53. Kg3 Rd7 54. Re2 Re7 55. Rd2 Rd7 56. Re2 Rd1 57. f5
gxf5 58. Re5 Rf1 59. Kg2 Rf4 60. Kg3 Rg4+ 61. Kh3 Kg6 62. Re6+ Kh7 63. Rf6 f4
64. Rf5 Rg3+ 65. Kh2 Re7 66. Rxf4 Rd3 67. Rf2 Kg8 68. Kg2 Re4 69. Bf6 Ree3 70.
c4 Rg3+ 71. Kh2 Rdf3 72. b5 Kf7 73. bxa6 bxa6 74. Bd4 Rxf2+ 75. Bxf2 Rc3 76. c5
Ke6 77. Kg2 Kd5 78. Be1 Ra3 (78... Ra3 79. Bb4 Rb3 80. Be1 Kxc5 $19 81. Kf2 Kb5
82. Ke2 Ra3 83. Bd2 Rxa5 $19) 0-1

[Event "Dortmund op-A"]
[Site "Dortmund"]
[Date "1992.??.??"]
[Round "8"]
[White "Sinowjew, Juri"]
[Black "Boensch, Uwe"]
[Result "0-1"]
[WhiteElo "2310"]
[BlackElo "2500"]
[Annotator "Boensch,U"]
[PlyCount "66"]
[EventDate "1992.04.??"]
[EventType "swiss"]
[EventRounds "11"]
[EventCountry "GER"]
[SourceTitle "CBM 029"]
[Source "ChessBase"]
[SourceDate "1992.08.01"]
[SourceVersion "1"]
[SourceVersionDate "1992.08.01"]
[SourceQuality "1"]

1. e4 c5 2. Nf3 e6 3. d4 cxd4 4. Nxd4 Nf6 5. Nc3 d6 6. Be2 Be7 7. O-O O-O 8.
Be3 Nc6 9. f4 Bd7 10. Nb3 (10. Qe1 Nxd4 11. Bxd4 Bc6 12. Qg3 g6 13. Bf3 b5 14.
Rad1 b4 15. e5 Bxf3 16. Qxf3 bxc3 17. exf6 Bxf6 18. Qxc3 Bxd4+ 19. Qxd4 d5 $10
{Jukic-Boensch,U GER-CupT 1992}) 10... a6 11. a4 Na5 (11... b6) (11... Qc7) 12.
e5 Ne8 13. Nxa5 Qxa5 14. Ne4 (14. Qd2 Rc8 15. Bf3 Qc7 16. a5 Bc6 17. Bb6 Qb8
18. Rae1 Bd8 19. Kh1 Bxf3 20. Rxf3 Rc6 $14 {Geller,E-Espig,L Dortmund-B 1991})
14... Qc7 15. Bd4 Bc6 16. Bd3 (16. Qd3 dxe5 17. fxe5 Rd8 18. Kh1 Qd7 19. Rad1
f5 20. Nc3 Nc7 $10 {Tal,M-Anikaev,Y Moskau 1982 -Inf.33/341}) 16... Bxe4 $1 $10
17. Bxe4 dxe5 18. Bxe5 (18. fxe5 Bc5 19. Kh1 (19. c3 Qxe5) 19... Bxd4 20. Qxd4
Rd8 $15) 18... Bd6 19. Qe2 g6 20. Bf3 Bxe5 21. fxe5 Ng7 22. Kh1 Nf5 23. Qe4
Rab8 24. Rfd1 a5 $1 $15 25. Rd2 $2 (25. Be2 $15) 25... b5 $17 26. Be2 (26. axb5
Rxb5 {Pe5}) 26... bxa4 27. c3 Rfd8 28. Bd3 Rd5 $19 29. Re2 (29. Re1 a3 30. bxa3
Qxc3 $19) 29... Qd8 30. Rd2 Qg5 31. Re2 Rbd8 32. Bc2 Rd2 33. Bxa4 (33. Rxd2
Rxd2 34. Rxa4 Ne3 $19) 33... Ng3+ {Boensch} (33... Ng3+ 34. hxg3 Qh5+ 35. Kg1
Rxe2 $19) 0-1

[Event "Dortmund op-A"]
[Site "Dortmund"]
[Date "1992.??.??"]
[Round "2"]
[White "Glek, Igor Vladimirovich"]
[Black "Lingnau, Carsten"]
[Result "1-0"]
[WhiteElo "2515"]
[BlackElo "2365"]
[Annotator "Boensch,U"]
[PlyCount "53"]
[EventDate "1992.04.??"]
[EventType "swiss"]
[EventRounds "11"]
[EventCountry "GER"]
[SourceTitle "CBM 029"]
[Source "ChessBase"]
[SourceDate "1992.08.01"]
[SourceVersion "1"]
[SourceVersionDate "1992.08.01"]
[SourceQuality "1"]

1. e4 c5 2. Nf3 d6 3. d4 cxd4 4. Nxd4 Nf6 5. Nc3 a6 6. Be3 e6 7. a4 Nc6 8. Be2
Be7 9. O-O O-O 10. f4 Qc7 11. Kh1 Re8 12. Bg1 Rb8 13. Qd3 (13. h3 Bd7 14. Nb3
e5 15. Nd5 Nxd5 16. exd5 Na5 17. fxe5 Nxb3 18. exd6 Qxd6 19. cxb3 Bf6 20. Qd2
Qe5 21. Bh2 Qxb2 22. Qxb2 Bxb2 23. Ra2 Be5 24. a5 {1/2 Malishauskas,V-Pedzich,
D Miedzybrodzie 1991}) 13... Bd7 {N} (13... Nxd4 14. Bxd4 e5 15. Ba7 Ra8 16.
Be3 exf4 17. Bxf4 Be6 18. Rad1 Red8 19. Qg3 Ne8 20. Bd3 $1 (20. e5 dxe5 21.
Bxe5 Bd6 22. Rxd6 Rxd6 23. Ne4 Qxc2 24. Nf6+ $2 (24. Nxd6 Qxe2 25. Re1 Qg4 26.
Qxg4 Bxg4 27. Nxb7 $14) 24... Nxf6 25. Bxf6 Bg4 $3 $19 {(Arnason) Kudrin,
S-Arnason,J Bor 1984}) 20... Bf6 21. Nd5 Bxd5 22. exd5 Bxb2 23. c3 Qxc3 24. Bg5
Qc7 25. Qh4 h6 26. Be7 Rd7 27. Qe4 $18 {(Karpov) Mokry,K-Gruenberg,H.-U
Polanica Zdroj 1985 -Inf.40/292}) (13... e5 14. Nb3 exf4 15. a5 Ne5 $6 (15...
g5 $13 {Geller -ECO}) 16. Rxf4 $16 {Geller,E-Polugaevski,L USSR (ch) 1983}) 14.
Qg3 Rec8 15. Rae1 Be8 16. Bd3 g6 $6 (16... Nb4 $5) 17. f5 $1 $16 Nxd4 18. Bxd4
e5 19. fxg6 hxg6 (19... exd4 20. gxh7+ Kxh7 (20... Kh8 21. Rxf6 $18) 21. e5+
$18) 20. Rxf6 $3 $18 Bxf6 (20... exd4 21. Nd5 Qd8 22. e5 $18) 21. Nd5 Qd8 22.
Bb6 Bh4 23. Qh3 Qg5 (23... Bxe1 24. Bxd8 Rxd8 25. Qh6 $1 $18) 24. g3 Qd2 25.
Qf1 Bd8 26. Be3 Qa5 27. Ra1 {Boensch} 1-0

[Event "Tel Aviv"]
[Site "Tel Aviv"]
[Date "1992.??.??"]
[Round "8"]
[White "Fishbein, Alexander"]
[Black "Psakhis, Lev"]
[Result "1-0"]
[WhiteElo "2495"]
[BlackElo "2605"]
[Annotator "Boensch,U"]
[PlyCount "93"]
[EventDate "1992.04.??"]
[EventType "tourn"]
[EventRounds "11"]
[EventCountry "ISR"]
[EventCategory "11"]
[SourceTitle "CBM 030"]
[Source "ChessBase"]
[SourceDate "1992.10.01"]
[SourceVersion "1"]
[SourceVersionDate "1992.10.01"]
[SourceQuality "1"]

1. e4 c5 2. Nf3 d6 3. d4 cxd4 4. Nxd4 Nf6 5. Nc3 a6 6. Be2 e6 7. a4 Be7 8. Be3
Nc6 9. O-O Bd7 10. f4 (10. Nb3 Na5 11. Nd2 O-O 12. f4 Bc6 13. Bf2 $146 Rc8 14.
Bd3 Be8 15. Qf3 Nd7 16. Qh3 Nc5 17. Bxc5 Rxc5 18. e5 g6 19. Nce4 dxe5 20. Nxc5
Bxc5+ $44 {Anand,V-Polugaevsky,L Reggio Emilia (5) 1991 1-0 62 -CBM 27}) 10...
Nxd4 (10... O-O) 11. Qxd4 Bc6 $2 (11... O-O $14) 12. b4 $1 $16 O-O 13. b5 Bd7
14. e5 Ne8 (14... dxe5 $2 15. fxe5 Ne8 16. Rfd1 Rc8 (16... Qc7 17. b6 Qc8 18.
Qxd7 Qxc3 19. Bd4 Qxc2 20. Bd3 $18) (16... Qc8 17. Ne4 Qxc2 18. Rd2 Qb3 19. Bc4
Qb4 20. Rb2 $18) 17. Ne4 Rxc2 18. Bf3 Rc7 19. b6 $18) 15. Ne4 d5 16. Nc5 Bc8 (
16... Bxc5 17. Qxc5 Rc8 18. Qa3 Rxc2 19. Bd3 Rc8 20. Bc5 $18) 17. c4 dxc4 18.
Qxd8 (18. Qxc4 $5) 18... Bxd8 19. Bxc4 Nc7 (19... Bb6 20. bxa6 bxa6 21. Rab1
$16) 20. b6 Nd5 21. Bxd5 exd5 22. a5 Be7 23. Rac1 Bxc5 24. Bxc5 Re8 25. Bd6 Bf5
26. Rc7 Rab8 27. Rd1 Be4 28. Rd2 Rec8 29. Kf2 h5 30. g3 Re8 31. Ke3 Red8 32.
Kd4 Re8 33. Rd1 Red8 34. Rdc1 Re8 35. R1c5 Bf5 36. Rc3 Be6 37. Rc1 Kh7 38. Re7
Rxe7 39. Bxb8 Kg6 40. Rc7 Rd7 $2 (40... Rxc7 $5) 41. Rc8 Kf5 42. Rh8 Kg4 43.
Bc7 g6 44. Rb8 Kh3 45. Rxb7 Kxh2 46. Ra7 Kxg3 47. Bd6 {Boensch} 1-0

[Event "Olomouc After GP Mladi"]
[Site "Olomouc"]
[Date "1997.??.??"]
[Round "1"]
[White "Balinov, Ilia"]
[Black "Babula, Vlastimil"]
[Result "0-1"]
[WhiteElo "2560"]
[BlackElo "2545"]
[Annotator "Boensch,U"]
[PlyCount "100"]
[EventDate "1997.08.05"]
[EventType "tourn"]
[EventRounds "11"]
[EventCountry "CZE"]
[EventCategory "10"]
[SourceTitle "CBM 061"]
[Source "ChessBase"]
[SourceDate "1997.11.23"]
[SourceVersion "1"]
[SourceVersionDate "1997.11.23"]
[SourceQuality "1"]

1. e4 {Auch in der dritten Partie in dieser Variante, kann Weiß keinen Vorteil
nachweisen.} c5 2. Nf3 d6 3. d4 cxd4 4. Nxd4 Nf6 5. Nc3 Nc6 6. Be2 e6 7. O-O
Be7 8. Be3 O-O 9. f4 a6 10. Qe1 Nxd4 11. Bxd4 b5 12. a3 Bb7 13. Qg3 g6 14. Bf3
a5 15. Nxb5 Nxe4 16. Qe1 d5 (16... f5 17. Rd1 Qc8 18. Qe2 a4 19. c4 Rf7 20. Rc1
Bf8 21. Rfd1 Qe8 22. Bc3 Nxc3 23. Rxc3 Bxf3 24. Rxf3 d5 25. cxd5 exd5 26. Qxe8
Rxe8 27. Nc3 d4 28. Nxa4 Ra7 29. Nb6 Re2 30. Nc4 {1/2-1/2 Svidler,P-Akopian,V/
Koop Tjuchem Groningen 1996/CBM 57/[Boensch]}) 17. c4 $146 (17. Bxe4 dxe4 18.
Qe3 Qd7 19. a4 Qc6 20. Rac1 Rfd8 21. b3 Rd7 22. Kh1 Ba6 23. c4 Rad8 24. Ba1 Rd3
$17 {0-1 Pira,D-Sahovic,D/Montpellier 1988/EXT 88 (32)}) 17... Bf6 18. Rd1
Bxd4+ 19. Rxd4 Qb6 20. Bxe4 dxe4 21. Qe3 Rac8 22. Kf2 a4 23. Rfd1 Ba8 (23...
Ba6 24. Rxe4 Qxe3+ 25. Kxe3 Bb7 26. Nd6 Bxe4 27. Nxc8 Rxc8 28. Kxe4 Rxc4+ $11)
24. R1d2 e5 25. fxe5 Qe6 26. Nd6 f6 27. Rxe4 (27. exf6 $2 Qxf6+ 28. Kg3 $8 Rc5
29. h4 Rh5 30. Rxe4 Bxe4 31. Qxe4 Rxh4 32. Qxh4 Qe5+ 33. Kh3 Qe3+ $19) 27...
Bxe4 28. Nxc8 fxe5+ $2 (28... Qf5+ 29. Kg1 Rxc8 30. exf6 $17) 29. Kg3 Rf4 30.
Rd8+ Kg7 31. h3 Qf5 32. Rg8+ Kh6 33. Kh2 Qg5 34. Qg3 $6 (34. Qd2 Bc6 35. Nb6
Rd4 36. Qxg5+ Kxg5 $132 {[%cal Yd4d2,Yd2g2,Yd2b2]}) 34... Qf6 35. c5 $4 (35.
Qe3) (35. Re8 Bxg2 36. Ne7 Kg7 $8 37. Kxg2 e4 $11 38. Rg8+ Kf7 39. Nxg6 Qxb2+
40. Kg1 Qd4+ 41. Kg2 Qd2+ 42. Kg1 Qd1+ 43. Kh2 Qe2+ 44. Qg2 Qxg2+ 45. Kxg2 hxg6
$11) 35... Rf2 36. Qe3+ Qf4+ 37. Qxf4+ exf4 $19 38. Nd6 Bd5 39. Kg1 Rxg2+ 40.
Kf1 Rc2 (40... Rxb2) 41. Rb8 (41. Rc8 Bg2+ 42. Ke1 Bxh3 $19) (41. Rf8 Kg5 $19)
41... Bg2+ 42. Kg1 Bxh3 43. Rb4 g5 44. Rc4 Rg2+ 45. Kh1 Rxb2 46. Kg1 (46. c6 f3
47. Rc3 Kg6 (47... g4 48. Nf5+ Kg5 49. c7 g3 50. Nxg3 $17) 48. c7 f2 49. Rf3
Rc2 $19) 46... f3 47. Ne4 Rg2+ 48. Kh1 f2 49. Rc1 g4 50. Rf1 g3 (50... g3 51.
Nxg3 Rxg3 52. Rxf2 Rxa3 $19) 0-1

[Event "Elenite"]
[Site "Elenite"]
[Date "1992.??.??"]
[Round "5"]
[White "Georgiev, Kiril"]
[Black "Stohl, Igor"]
[Result "1-0"]
[WhiteElo "2610"]
[BlackElo "2560"]
[Annotator "Boensch,U"]
[PlyCount "81"]
[EventDate "1992.??.??"]
[EventType "tourn"]
[EventRounds "11"]
[EventCountry "BUL"]
[EventCategory "12"]
[SourceTitle "CBM 032"]
[Source "ChessBase"]
[SourceDate "1993.02.01"]
[SourceVersion "1"]
[SourceVersionDate "1993.02.01"]
[SourceQuality "1"]

1. e4 c5 2. Nf3 e6 3. d4 cxd4 4. Nxd4 Nf6 5. Nc3 d6 6. Be2 Nc6 7. O-O Be7 8.
Be3 O-O 9. f4 Qc7 10. a4 a6 11. Kh1 Re8 12. Bd3 Bd7 (12... Nb4 13. a5 Bd7 14.
Nf3 Nxd3 15. cxd3 Bc6 16. Qe1 Nd7 17. Bd4 Bf8 18. Qg3 e5 $14 {Georgiev,
Ki-Ehlvest,J Brussels SWIFT 5` 1992 1-0 52}) 13. Nf3 (13. Qf3 Bf8 14. Qg3 Nb4
15. e5 Nfd5 16. Bd2 Nxd3 17. cxd3 Qc5 $10 {Sigurjonsson,G-Vera,R Dubai ol 1986}
) 13... b6 $146 (13... Nb4 14. a5 $14) 14. Qe2 Nb4 15. Bd4 Bc6 16. Rae1 Nd7 17.
Ng5 Nxd3 18. cxd3 e5 $1 $10 19. Be3 exf4 (19... Bxg5 $5 20. fxg5 Nf8 21. h4 b5
$10) 20. Bxf4 Bxg5 21. Bxg5 Nc5 22. Qg4 f6 $1 23. Bxf6 Nxd3 24. Rd1 Ne5 (24...
Nxb2 $2 25. Rxd6 {/\ Rc6}) 25. Qg3 Rf8 26. Rf5 (26. Rxd6 $2 Ng6 $19) 26... Rae8
27. h3 (27. Rxd6 $2 Bxe4 28. Rxe5 (28. Nxe4 Qc1+ $19) 28... Rxe5 29. Qxe5 Rxf6
$17) 27... Re6 28. Bxe5 Rxe5 29. Rxe5 dxe5 30. Qd3 Bb7 31. Nd5 Qc5 $6 (31...
Qd6 32. Qb3 Kh8 $14) 32. b4 Qf2 $2 (32... Qd6 33. Qb3 $14) 33. Qc4 Kh8 34. Qc7
Bxd5 (34... Qe2 $5) 35. exd5 Qe2 36. Rg1 Qd3 $2 (36... e4 $14) 37. Qxe5 Rd8 38.
Rc1 $18 h6 39. Rc7 Qg6 40. Rc6 Qb1+ 41. Kh2 (41. Kh2 Qxb4 42. Rxh6+ Kg8 43.
Qe6+ Kf8 44. Rh8#) 1-0

[Event "Helsinki op"]
[Site "Helsinki"]
[Date "1992.??.??"]
[Round "3"]
[White "Geller, Efim P"]
[Black "Novikov, Igor A"]
[Result "1/2-1/2"]
[WhiteElo "2525"]
[BlackElo "2585"]
[Annotator "Boensch,U"]
[PlyCount "157"]
[EventDate "1992.09.??"]
[EventType "swiss"]
[EventRounds "9"]
[EventCountry "FIN"]
[SourceTitle "CBM 032"]
[Source "ChessBase"]
[SourceDate "1993.02.01"]
[SourceVersion "1"]
[SourceVersionDate "1993.02.01"]
[SourceQuality "1"]

1. e4 c5 2. Nf3 d6 3. d4 cxd4 4. Nxd4 Nf6 5. Nc3 a6 6. Be2 e6 7. O-O Be7 8. f4
Qc7 9. Qe1 O-O 10. Qg3 Nc6 11. Be3 Nxd4 12. Bxd4 b5 13. e5 (13. a3 Bb7 14. Kh1
Bc6 15. Bd3 Qb7 16. Rae1 b4 17. axb4 Qxb4 18. Ne2 Qb7 19. e5 $10 Nh5 20. Qh3 g6
21. Ng3 dxe5 22. Bxe5 Nxg3+ 23. hxg3 Rac8 $10 {Arakhamia,K-Novikov,I Helsinki
op (05) 1992 1-0 38}) 13... dxe5 14. fxe5 Nd7 (14... Bc5 15. Bxc5 Qxc5+ 16. Kh1
Nd7 17. Rae1 Qxe5 18. Qh4 Qc7 19. Bd3 $44 {Geller,E-Polgar,J Aruba 1992 0-1 32}
) 15. Ne4 Bb7 16. Nd6 (16. Bd3 Bxe4 17. Bxe4 Bc5 $15) 16... Bd5 17. Bd3 f6 18.
Qh4 h6 19. Qg3 Rad8 20. Qg6 $2 (20. exf6 Bxf6 21. Bxf6 Nxf6 22. Nf5 Qc5+ 23.
Qe3 $10) 20... f5 $1 $17 21. Rae1 Nxe5 22. Rxe5 Bxd6 23. Rxe6 Bc5 $6 (23...
Bxe6 24. Qxe6+ Qf7 $19) 24. Bf2 Bxe6 25. Qxe6+ Kh8 26. Qxa6 b4 $17 27. Qb5
Bxf2+ 28. Rxf2 Qd6 29. Qc4 Qb6 30. g3 Rd4 31. Qb5 Qxb5 32. Bxb5 g6 33. c3 Rd1+
34. Kg2 Ra8 35. cxb4 Rxa2 36. Bc4 Ra7 37. Kf3 Re7 38. b5 Kg7 39. b3 g5 40. Ra2
Rd4 41. Kf2 g4 $6 (41... f4) 42. h3 h5 43. hxg4 hxg4 44. Ra8 Rd2+ (44... Kf6)
45. Kf1 Kf6 46. b6 Rb7 47. Rf8+ Kg6 48. Rg8+ Kh7 49. Rg5 Rxb6 50. Rxf5 Rh6 51.
Ke1 Rb2 52. Be2 Rh1+ 53. Rf1 Rb1+ 54. Kf2 Rhxf1+ 55. Bxf1 Rxb3 $10 56. Be2 Rb4
57. Ke3 Kg6 58. Bd3+ Kg5 59. Be4 Rb3+ 60. Kf2 Rc3 61. Bd5 Kf5 62. Bb7 Ke5 63.
Kg2 Kd4 64. Kf2 Rc7 65. Ba8 Rf7+ 66. Kg2 Ke3 67. Bd5 Rc7 68. Kg1 Rc5 69. Bb7
Kd4 70. Kf2 Rc7 71. Ba8 Rf7+ 72. Kg1 Re7 73. Kf2 Kc5 74. Kg1 Re5 75. Kf2 Kb6
76. Kg1 Ra5 77. Be4 Kc5 78. Kf2 Kd4 79. Bc6 1/2-1/2

[Event "Veterans-Women"]
[Site "Copenhagen"]
[Date "1997.??.??"]
[Round "2"]
[White "Xie, Jun"]
[Black "Portisch, Lajos"]
[Result "1-0"]
[WhiteElo "2495"]
[BlackElo "2610"]
[Annotator "Boensch,U"]
[PlyCount "89"]
[EventDate "1997.07.23"]
[EventType "schev"]
[EventRounds "10"]
[EventCountry "DEN"]
[SourceTitle "CBM 061"]
[Source "ChessBase"]
[SourceDate "1997.11.23"]
[SourceVersion "1"]
[SourceVersionDate "1997.11.23"]
[SourceQuality "1"]

1. e4 c5 2. Nf3 e6 3. d4 cxd4 4. Nxd4 Nc6 5. Nc3 a6 6. Be2 d6 7. O-O Nf6 8. Be3
Be7 9. f4 O-O 10. a4 Qc7 11. Kh1 Re8 12. Bf3 Rb8 13. Nb3 b6 (13... Na5 14. Nxa5
Qxa5 15. Qd2 Qc7 16. a5 e5 17. f5 Bd7 18. g4 h6 19. Qg2 Bc6 20. g5 hxg5 21.
Bxg5 Kf8 22. Rg1 Rec8 23. Be3 Ne8 24. Bb6 Qd7 25. f6 {1-0 Stefansson,H-Situru,
N/Erevan olm 1996/EXT 96ch2}) 14. Qd2 (14. Qe2 Na5 15. Rad1 (15. g4 Nc4 16. Bc1
Bb7 17. g5 Nd7 18. Bg2 Bf8 19. Qf2 g6 20. Nd4 Bg7 21. b3 Na3 22. Bxa3 Qxc3 23.
Rad1 Nc5 24. Rfe1 Rbd8 25. e5 dxe5 26. fxe5 Qh3 27. Bxb7 Nxb7 28. Nc6 Rxd1 29.
Rxd1 Nc5 {Asrian,K-Gershon,A/WchJM-U14 Szeged 1994/TD 94\01/1/2-1/2 (51)})
15... Nc4 16. Bc1 b5 17. axb5 axb5 18. Nd4 b4 19. Ncb5 Qc5 20. b3 Ne5 21. c4
bxc3 22. Ba3 Qb6 23. Bxd6 Bxd6 24. Nxd6 Ba6 25. Qa2 Nxf3 26. Nxf3 Bxf1 27. Nxe8
Bxg2+ 28. Qxg2 Rxe8 {Tosic,M-Topalov,V/Vrnjacka Banja 1991/CBM 23/0-1 (42)}) (
14. g4 Bb7 15. g5 Nd7 16. Bg2 Bf8 17. Bg1 g6 18. Rf3 Nb4 19. Rh3 Bg7 20. Qg4 f5
21. gxf6 Nxf6 22. Qh4 e5 23. Rf1 Rf8 24. f5 gxf5 25. Rxf5 Bc8 26. Be3 d5 27.
Rg3 Bxf5 28. exf5 Qd6 {Barcenilla,R-Ginting,N/Asia zt 1990/EXT 90b/1-0 (58)})
14... Na5 15. Qf2 (15. Nxa5 bxa5 $132 {[%cal Yb8b2,Yc7c2]}) 15... Nc4 (15...
Nxb3 $6 16. cxb3 $16 {[%cal Ya1c1,Yc1c7]}) 16. Bc1 Bb7 17. Nd4 d5 18. e5 Ne4
19. Nxe4 dxe4 20. Be2 Red8 21. f5 e3 (21... Bc5 22. fxe6 Nxe5 (22... Bxd4 23.
Qxf7+ Qxf7 24. exf7+ Kf8 25. Bxc4 Bxe5 26. b3 $16) 23. Qg3 $1 f6 (23... Bxd4
24. Rxf7 Qxf7 25. exf7+ $18)) (21... exf5 22. Bxc4 Qxc4 23. Nxf5 Bc5 24. Be3
$16) 22. Bxe3 Nxe3 23. Qxe3 Bc5 24. c3 exf5 (24... Rd5 $2 25. fxe6 fxe6 26.
Nxe6 Bxe3 27. Nxc7 Rxe5 28. Bc4+ Kh8 29. Bxa6 $18) 25. Rxf5 Bxd4 26. cxd4 Qc2
27. Raf1 Bd5 28. R5f2 Qxa4 29. Bd3 Qd7 30. Rf4 (30. Bxa6 b5) 30... Rbc8 $6 (
30... b5 31. Rh4 h6 32. Qg3 (32. Rxh6 Qg4 33. Bh7+ Kf8 34. Rg6 Qh5 (34... Bxg2+
35. Kg1 $18) 35. e6 Rb7) 32... Rb6 33. Rg4 g6 $14) 31. h3 $1 {/\ Rg4} (31. Bxa6
$2 Rc2 32. R4f2 Rxf2 33. Rxf2 b5 $17) 31... Rc6 32. Rg4 Be6 $2 33. Rh4 g6 (
33... h6 34. Qe4 $18) 34. Qh6 f5 35. exf6 Qf7 36. d5 $1 Rxd5 (36... Bxd5 37.
Bxg6 Bxg2+ 38. Kg1 Qxg6 39. f7+ Qxf7 40. Qg5+ $18) 37. Be4 $18 Rcd6 38. Bxd5
Bxd5 39. Rhf4 Rd7 40. R4f2 Qe8 41. Qf4 Bf7 42. Rd2 Rxd2 43. Qxd2 Be6 44. Qd6
Kf7 45. Qxb6 1-0

[Event "Candidates (Women) playoff"]
[Site "Beijing/Belgrade"]
[Date "1991.??.??"]
[Round "4"]
[White "Xie, Jun"]
[Black "Maric, Alisa"]
[Result "1-0"]
[WhiteElo "2460"]
[BlackElo "2425"]
[Annotator "Borik,O"]
[PlyCount "109"]
[EventDate "1991.02.??"]
[EventType "match"]
[EventRounds "7"]
[EventCountry "CHN"]
[SourceTitle "CBM 023"]
[Source "ChessBase"]
[SourceDate "1991.08.01"]
[SourceVersion "1"]
[SourceVersionDate "1991.08.01"]
[SourceQuality "1"]

1. e4 c5 2. Nf3 Nc6 3. d4 cxd4 4. Nxd4 Qc7 5. Nc3 e6 6. Be2 a6 7. O-O Nf6 8.
Be3 Be7 9. f4 d6 10. a4 O-O 11. Kh1 Re8 12. Qd2 Nxd4 13. Qxd4 e5 14. Qd3 exf4
15. Bxf4 Be6 16. Rad1 Rad8 17. Qg3 Kh8 (17... Bc4 18. e5 dxe5 19. Bxe5 Qc6) 18.
e5 dxe5 19. Bxe5 Qc8 (19... Qc6) 20. Rde1 Rg8 21. Bd3 Nd5 22. Qf3 Nxc3 23. Bxc3
(23. Bxh7 Bg4) 23... Bh4 24. Re4 Be7 25. Qh5 Rxd3 26. cxd3 Rd8 27. Qe5 (27.
Rxf7 Bxf7 28. Qxf7 Bf8 29. Re7 Qg4 30. h3 $1 Qg3 31. Be5) 27... Bf8 28. Rd4 Re8
29. Rh4 Qd7 30. Qe4 f5 31. Qf3 Kg8 32. Qh5 g6 33. Qf3 Bd5 34. Qf2 Qc6 35. Re1
Rxe1+ 36. Bxe1 Be7 37. Rh3 Qxa4 38. Bc3 Qc6 39. Rg3 Bc5 40. Qe2 Bd6 41. Re3 Kf7
42. Qf1 Qc7 43. Rh3 Kg8 44. Qf2 Qc6 45. Kg1 Qa4 46. Re3 Bc5 47. d4 Bd6 48. Qh4
Qd7 49. Ba5 f4 50. Re1 Kg7 51. Bd8 Qf7 52. Be7 Bb8 53. Bc5 Be6 54. d5 Qc7 55.
Bd4+ 1-0

[Event "ROM-chT"]
[Site "Herculane"]
[Date "1996.??.??"]
[Round "?"]
[White "Nisipeanu, Liviu Dieter"]
[Black "Zetocha, Claudiu"]
[Result "1/2-1/2"]
[WhiteElo "2500"]
[BlackElo "2355"]
[Annotator "Bulletin"]
[PlyCount "106"]
[EventDate "1996.??.??"]
[EventType "team"]
[EventRounds "5"]
[EventCountry "ROU"]
[SourceTitle "CBM 056 Extra"]
[Source "ChessBase"]
[SourceDate "1997.03.01"]
[SourceVersion "1"]
[SourceVersionDate "1997.03.01"]
[SourceQuality "1"]

1. e4 c5 2. Nf3 e6 3. Nc3 a6 4. d4 cxd4 5. Nxd4 Qc7 6. Be2 Nf6 7. O-O d6 8. f4
Be7 9. Be3 O-O 10. g4 Nfd7 11. g5 Re8 12. f5 Ne5 13. f6 Bf8 14. fxg7 Bxg7 15.
Bd3 Nbc6 16. Kh1 Nxd3 17. Qxd3 Ne5 18. Qd1 b5 19. Qh5 Bb7 20. a3 Rac8 21. Rf4
Ng6 22. Rf3 Qe7 23. Rh3 Nf8 24. Rh4 Rc4 25. Nde2 d5 26. exd5 Bxd5+ 27. Kg1 (27.
Nxd5 exd5 {<->e}) 27... Ba8 (27... Bf3 $19) 28. Rxc4 bxc4 29. Ng3 Qb7 30. Nce4
Qxb2 31. Rf1 Qb7 32. Qf3 Ng6 33. Nh5 Rd8 34. Nhf6+ Kh8 35. Qh3 Bxf6 36. Nxf6
Nh4 37. Kf2 Qg2+ 38. Qxg2 Nxg2 39. Rb1 Nxe3 40. Kxe3 Kg7 41. Ng4 Bg2 42. Rb4
Rd5 43. h4 Ra5 44. Rxc4 Rxa3+ 45. c3 Bf1 46. Rc7 Bb5 47. h5 Ra1 48. c4 Rg1 49.
Ne5 Rxg5 50. Nxf7 Rxh5 51. cxb5 axb5 52. Ng5+ Kg6 53. Nf3 Kf6 {...110} 1/2-1/2

[Event "Hoogovens"]
[Site "Wijk aan Zee"]
[Date "1977.01.23"]
[Round "8"]
[White "Geller, Efim P"]
[Black "Sigurjonsson, Gudmundur"]
[Result "1-0"]
[WhiteElo "2590"]
[BlackElo "2520"]
[Annotator "Bulletin"]
[PlyCount "57"]
[EventDate "1977.01.14"]
[EventType "tourn"]
[EventRounds "11"]
[EventCountry "NED"]
[EventCategory "11"]
[SourceTitle "MCL"]
[Source "ChessBase"]
[SourceDate "1999.07.01"]
[SourceVersion "1"]
[SourceVersionDate "1999.07.01"]
[SourceQuality "1"]

1. e4 c5 2. Nf3 d6 3. d4 cxd4 4. Nxd4 Nf6 5. Nc3 a6 6. Be2 e6 7. O-O Be7 8. f4
Nc6 9. Be3 O-O 10. Qe1 Bd7 11. Rd1 Nxd4 (11... Qc7 12. Qg3) 12. Bxd4 Bc6 13.
Bf3 Qc7 14. e5 Ne8 $6 (14... dxe5 $5 15. fxe5 Nd7) 15. Kh1 Rd8 16. Rd3 dxe5 17.
fxe5 g6 18. Qf2 Rd7 19. Bxc6 Qxc6 20. Rf3 Qc4 21. Be3 (21. Rxf7 $2 Qxf1+ 22.
Qxf1 Rxf7 23. Qc4 Rxd4 $19) 21... Bh4 (21... Ng7 $6 22. Rxf7) 22. Qg1 Bd8 $4 (
22... Be7) 23. Bc5 Be7 24. Bxe7 Rxe7 25. Qe3 Ng7 26. b3 Qc7 27. Ne4 Nf5 28.
Nf6+ Kg7 29. Rh3 1-0